Data Structures and Algorithms Made Easy In Java

محفوظ في:
التفاصيل البيبلوغرافية
المؤلف الرئيسي: Karumanchi
التنسيق: كتاب
منشور في: CareerMonk
الوسوم: إضافة وسم
لا توجد وسوم, كن أول من يضع وسما على هذه التسجيلة!

MARC

LEADER 00000nam a2200000Ia 4500
005 20260513122054.0
020 |a 9788192107554 
100 |a Karumanchi 
365 |c Rs. 
365 |b 10.00 
942 |c BK 
245 |a Data Structures and Algorithms Made Easy In Java 
260 |b CareerMonk 
999 |c 115  |d 115 
952 |0 0  |1 0  |4 0  |7 0  |a UNSW  |b UNSW  |d 2026-05-06  |g 999.00  |i 16687  |l 0  |p 000108  |r 2026-05-13 12:20:54  |v 999.00  |w 2026-05-13  |y BK 
952 |0 0  |1 0  |4 0  |7 0  |a UNSW  |b UNSW  |d 2026-05-06  |g 999.00  |i 16684  |l 0  |p 000128  |r 2026-05-13 12:20:54  |v 999.00  |w 2026-05-13  |y BK